000 01016nam a2200289 a 4500
999 _c22432
_d22432
001 1210811
003 OSt
005 20200222111007.0
008 981001s1998 ii b 001 0 eng
010 _a 98907235
025 _aI-E-98-907235; 10
037 _bLibrary of Congress -- New Delhi Field Office
_cRs200.00
040 _aDLC
_cDLC
042 _alcode
043 _aa-ii---
050 0 0 _aBP63.I52
_bK477 1998
082 0 0 _a297.0954830904
_221
_bSAM/I
100 _aSamad, M Abdul
_91960
245 1 0 _aIslam in Kerala :
_bgroups and movements in the 20th century /
_cM. Abdul Samad.
260 _aKollam, Kerala :
_bLaurel Publications,
_c1998.
300 _axiv, 208 p. ;
_c21 cm.
504 _aIncludes bibliographical references (p. 188-199) and index.
650 0 _aIslam
_zIndia
_zKerala
_y20th century.
906 _a7
_bcbc
_corigode
_d3
_encip
_f19
_gy-gencatlg
942 _2ddc
_cBK
_h297.0954830904
_iSAM/I
_k297.0954830904
_mSAM/I